La prevención de la enfermedad en la España bajo medieval
-д хадгалсан:
| Үндсэн зохиолчид: | , |
|---|---|
| Формат: | Ном |
| Хэл сонгох: | испани |
| Хэвлэсэн: |
Granada, España
Universidad de Granada
2006
|
| Цуврал: | Biblioteca de Humanidades. Chronica Nova de Estudios Históricos,
98 |
| Нөхцлүүд: | |
| Шошгууд: |
Шошго нэмэх
Шошго байхгүй, Энэхүү баримтыг шошголох эхний хүн болох!
|
MARC
| LEADER | 00000nam a2200000 a 4500 | ||
|---|---|---|---|
| 001 | UCI4030 | ||
| 003 | CL-VaPUC | ||
| 005 | 20240823105853.0 | ||
| 008 | 071214e20060000SP |||||||||||||||||spa|d | ||
| 999 | |c 328032 |d 328030 | ||
| 020 | |a 8433839209 | ||
| 040 | |c Pontificia Universidad Católica de Valparaíso | ||
| 082 | 0 | 4 | |a 946 PEÑ 2006 |2 21 |
| 100 | |a Peña-Ardid, Carmen |e author |9 525650 | ||
| 245 | 1 | 3 | |a La prevención de la enfermedad en la España bajo medieval |
| 260 | |a Granada, España |b Universidad de Granada |c 2006 | ||
| 300 | |a 549 páginas | ||
| 490 | 0 | |a Biblioteca de Humanidades. Chronica Nova de Estudios Históricos, |v 98 | |
| 583 | |a last modification |c 20071214 00:00:00 |k Rodrigo Vera | ||
| 650 | 0 | |a Historia de España |9 315435 | |
| 650 | 0 | |a Edad media |z ESPAÑA |9 258041 | |
| 650 | 0 | |a Enfermedades |y SIGLOS 12-15 |z ESPAÑA |9 263059 | |
| 700 | 0 | |a Girón, Fernando |e author |9 525651 | |
| 852 | |a BIBCUR | ||
| 942 | |c BK |2 ddc | ||
| 945 | |d 20071214 00:00:00 |a rbrito | ||
| 952 | |0 0 |1 0 |2 ddc |4 0 |6 946_000000000000000_PEÑ_2006 |7 0 |8 A |9 411702 |a BIBHIS |b BIBHIS |d 2019-11-22 |i 4396618 |o 946 PEÑ 2006 |p 4396618 |r 2025-01-20 |t 1 |w 2019-11-22 |y BK |k HIS | ||